Sustainable Human Development (Record no. 14912)
[ view plain ]
| 000 -LEADER | |
|---|---|
| fixed length control field | 004000000a22001690004500 |
| 001 - CONTROL NUMBER | |
| control field | 003006 |
| 003 - CONTROL NUMBER IDENTIFIER | |
| control field | MACL |
| 040 ## - CATALOGING SOURCE | |
| Original cataloging agency | MACL |
| 090 ## - LOCALLY ASSIGNED LC-TYPE CALL NUMBER (OCLC); LOCAL CALL NUMBER (RLIN) | |
| -- | 14999 |
| -- | 14998 |
| 100 ## - MAIN ENTRY--PERSONAL NAME | |
| Personal name | Taori, Kamal |
| 245 ## - TITLE STATEMENT | |
| Title | Sustainable Human Development |
| Remainder of title | Issues And Challenges |
| Statement of responsibility, etc. | Kamal Taori |
| 260 ## - PUBLICATION, DISTRIBUTION, ETC. (IMPRINT) | |
| Place of publication, distribution, etc. | Concept Publishing Company, |
| Date of publication, distribution, etc. | 2000 |
| 350 ## - PRICE (NR) (BK AM CF MU VM SE) [OBSOLETE] | |
| Price | 500 |
| 650 ## - SUBJECT ADDED ENTRY--TOPICAL TERM | |
| Topical term or geographic name as entry element | Human Kind |
| 942 ## - ADDED ENTRY ELEMENTS (KOHA) | |
| Call number prefix | 128 |
| Koha item type | Library Membar |
| 951 ## - EQUIVALENCE OR CROSS-REFERENCE--GEOGRAPHIC NAME/AREA NAME [OBSOLETE] [CAN/MARC only] | |
| -- | 128 Book |
No items available.









